<?xml version="1.0" encoding="UTF-8"?>
<record
    xmlns:xsi="http://www.w3.org/2001/XMLSchema-instance"
    xsi:schemaLocation="http://www.loc.gov/MARC21/slim http://www.loc.gov/standards/marcxml/schema/MARC21slim.xsd"
    xmlns="http://www.loc.gov/MARC21/slim">

  <leader>05296cam a2200433   4500500</leader>
  <controlfield tag="005">20260517000305.0</controlfield>
  <datafield tag="041" ind1=" " ind2=" ">
    <subfield code="a">fre</subfield>
  </datafield>
  <datafield tag="042" ind1=" " ind2=" ">
    <subfield code="a">dc</subfield>
  </datafield>
  <datafield tag="100" ind1="1" ind2="0">
    <subfield code="a">Br&#xE9;chat, Pierre-Henri</subfield>
    <subfield code="e">author</subfield>
  </datafield>
  <datafield tag="700" ind1="1" ind2="0">
    <subfield code="a">Vogel, Thomas</subfield>
    <subfield code="e">author</subfield>
  </datafield>
  <datafield tag="700" ind1="1" ind2="0">
    <subfield code="a">Berthel, Marc</subfield>
    <subfield code="e">author</subfield>
  </datafield>
  <datafield tag="700" ind1="1" ind2="0">
    <subfield code="a">Kaltenbach, Georges</subfield>
    <subfield code="e">author</subfield>
  </datafield>
  <datafield tag="700" ind1="1" ind2="0">
    <subfield code="a">Le Divenah, Aude</subfield>
    <subfield code="e">author</subfield>
  </datafield>
  <datafield tag="700" ind1="1" ind2="0">
    <subfield code="a">Segouin, Christophe</subfield>
    <subfield code="e">author</subfield>
  </datafield>
  <datafield tag="700" ind1="1" ind2="0">
    <subfield code="a">Rymer, Roland</subfield>
    <subfield code="e">author</subfield>
  </datafield>
  <datafield tag="700" ind1="1" ind2="0">
    <subfield code="a">Lonsdorfer, Jean</subfield>
    <subfield code="e">author</subfield>
  </datafield>
  <datafield tag="245" ind1="0" ind2="0">
    <subfield code="a">Analyse de quatorze actions nationales pour le d&#xE9;terminant de sant&#xE9; activit&#xE9;s physiques et sportives en France de 2001 &#xE0; 2006</subfield>
  </datafield>
  <datafield tag="260" ind1=" " ind2=" ">
    <subfield code="c">2009.
							</subfield>
  </datafield>
  <datafield tag="500" ind1=" " ind2=" ">
    <subfield code="a">96</subfield>
  </datafield>
  <datafield tag="520" ind1=" " ind2=" ">
    <subfield code="a">R&#xE9;sum&#xE9;Les activit&#xE9;s physiques et sportives sont un des d&#xE9;terminants de la sant&#xE9;. L&#x2019;objectif de cette &#xE9;tude est de faire un bilan des logiques &#xE0; l&#x2019;&#x153;uvre pour la construction d&#x2019;une probl&#xE9;matique de sant&#xE9; publique pour ce d&#xE9;terminant, et sa prise en compte par des actions nationales. La recherche s&#x2019;est appuy&#xE9;e sur le croisement de donn&#xE9;es issues d&#x2019;entretiens semi-directifs et de documents concernant la construction, la mise en &#x153;uvre et le suivi de ces actions. Cette &#xE9;tude montre que, de 2001 &#xE0; 2006, quatorze actions nationales ont &#xE9;t&#xE9; construites et mises en &#x153;uvre par 7 promoteurs. Pour les conditions de r&#xE9;ussite, les 14&#xA0;actions ont un score moyen de 175,0 &#xB1; 66,9 sur 300&#xA0;%. Il faut donner aux acteurs plus de possibilit&#xE9; de s&#x2019;impliquer tout en favorisant les relations avec l&#x2019;environnement en particulier institutionnel et communautaire. C&#x2019;est la structuration et le fonctionnement de l&#x2019;action qui est en g&#xE9;n&#xE9;ral la mieux investie. Six informations fortes en remontent&#xA0;: le dopage consid&#xE9;r&#xE9; comme une conduite addictive&#xA0;; la reconnaissance de la souffrance psychologique des sportifs de haut niveau&#xA0;; le haut risque pour les jeunes de conduites dopantes&#xA0;; le concept d&#x2019;activit&#xE9;s physiques et sportives doit prendre en compte un rapport b&#xE9;n&#xE9;fice/risques et la n&#xE9;cessit&#xE9; de promouvoir la sant&#xE9;. Le partage de nombreuses exp&#xE9;riences, du local au r&#xE9;gional, a favoris&#xE9; la mise en synergie des exp&#xE9;riences au sein d&#x2019;un continuum depuis la &#xAB;&#xA0;promotion de la sant&#xE9; par les activit&#xE9;s physiques et sportives&#xA0;&#xBB; jusqu&#x2019;&#xE0; la &#xAB;&#xA0;pr&#xE9;vention des conduites dopantes&#xA0;&#xBB;. Dans ce continuum les professionnels ont pu d&#xE9;velopper des actions dans les domaines cit&#xE9;s et jusque l&#xE0; rest&#xE9;s isol&#xE9;s. Des propositions sont faites pour renforcer ces dynamiques. D&#x2019;autres d&#xE9;terminants de sant&#xE9; et d&#x2019;autres priorit&#xE9;s de sant&#xE9; publique pourraient &#xEA;tre investigu&#xE9;s selon la m&#xEA;me m&#xE9;thodologie.</subfield>
  </datafield>
  <datafield tag="520" ind1=" " ind2=" ">
    <subfield code="a">Physical activity and sports are considered as one of the determinants of health. The aim of this study is to review the rationale for the formulation of this public health issue and its integration in national action plans. The study shows that fourteen national programmes were drafted and implemented between 2001 and 2006 by seven institutions. The research methodology was based on crossing data obtained from semi-directed interviews and documents regarding the design, implementation and follow-up of these programmes. For the conditions of the success, the fourteen actions scored an average of 175.0 &#xB1; 66.9 out of 300%. Public health actors and professionals must be given more opportunities to involve themselves and engage in developing stronger relationships and linkages, in particular with the institutional and community settings. In general, the most invested parts of a programme are the structural and operational aspects of activities. Six significant points surfaced from the study: consideration of drug use as an addictive behaviour; recognition of the psychological stress of professional athletes; acknowledgment of youth as being at high risk for doping behaviour; integration of the concept that physical activity and sports must take the benefit/risk perspective into account; and the necessity to promote health. Through the exchange of numerous local and regional experiences, an optimisation of their synergistic connections was made possible on a continuum extending from "health promotion through physical activity and sports" to "prevention of drug-use and doping behaviours&#x201D;. Professionals have been able to develop actions in the above-mentioned domains across this continuum that have, to date, remained isolated. Proposals are made to strengthen these dynamics. Other health determinants and public health priorities could be investigated with the same methodology.</subfield>
  </datafield>
  <datafield tag="690" ind1=" " ind2=" ">
    <subfield code="a">activit&#xE9;s physiques et sportives</subfield>
  </datafield>
  <datafield tag="690" ind1=" " ind2=" ">
    <subfield code="a">analyse des politiques publiques</subfield>
  </datafield>
  <datafield tag="690" ind1=" " ind2=" ">
    <subfield code="a">conduites dopantes</subfield>
  </datafield>
  <datafield tag="690" ind1=" " ind2=" ">
    <subfield code="a">d&#xE9;terminant de sant&#xE9;</subfield>
  </datafield>
  <datafield tag="690" ind1=" " ind2=" ">
    <subfield code="a">promotion de la sant&#xE9;</subfield>
  </datafield>
  <datafield tag="690" ind1=" " ind2=" ">
    <subfield code="a">sant&#xE9; publique</subfield>
  </datafield>
  <datafield tag="690" ind1=" " ind2=" ">
    <subfield code="a">determinants of health</subfield>
  </datafield>
  <datafield tag="690" ind1=" " ind2=" ">
    <subfield code="a">evaluation</subfield>
  </datafield>
  <datafield tag="690" ind1=" " ind2=" ">
    <subfield code="a">health promotion</subfield>
  </datafield>
  <datafield tag="690" ind1=" " ind2=" ">
    <subfield code="a">physical activity</subfield>
  </datafield>
  <datafield tag="690" ind1=" " ind2=" ">
    <subfield code="a">prevention of drug-taking behaviour</subfield>
  </datafield>
  <datafield tag="690" ind1=" " ind2=" ">
    <subfield code="a">public health</subfield>
  </datafield>
  <datafield tag="690" ind1=" " ind2=" ">
    <subfield code="a">public health intervention</subfield>
  </datafield>
  <datafield tag="690" ind1=" " ind2=" ">
    <subfield code="a">public policy analysis</subfield>
  </datafield>
  <datafield tag="690" ind1=" " ind2=" ">
    <subfield code="a">sports</subfield>
  </datafield>
  <datafield tag="786" ind1="0" ind2=" ">
    <subfield code="n">Sant&#xE9; Publique | 21 | 1 | 2009-03-30 | p. 101-118 | 0995-3914</subfield>
  </datafield>
  <datafield tag="856" ind1="4" ind2="1">
    <subfield code="u">https://stm.cairn.info/revue-sante-publique-2009-1-page-101?lang=fr&amp;redirect-ssocas=7080</subfield>
  </datafield>
  <datafield tag="999" ind1=" " ind2=" ">
    <subfield code="c">2230974</subfield>
    <subfield code="d">2230974</subfield>
  </datafield>
</record>
